Statistiken für Benjamin Blümchen - Folgen 1-50

Klicken Sie hier um das Quiz zu spielen!

Allgemein

  • Dieses Quiz wurde 105 mal gespielt
  • Das Durchschnittsergebnis liegt bei 28 aus 50

Antwortstatistiken

Nr.Folgentitel% Korrekt
38Der {Zoo} zieht um
95%
5... auf {hoher} See
90%
31... als {Feuerwehr}mann
89%
20... und Bibi {Blocksberg}
87%
35... hat {Zahn}weh
82%
2... {rettet} den Zoo
80%
22... als Kinder{arzt}
77%
45... als Zirkus{clown}
76%
1Der erste {Wetterelefant} der Welt
71%
27... auf dem {Bauernhof}
70%
40... {zieht} aus
69%
49... als {Müll}mann
67%
8... auf dem {Baum}
67%
21... als {Weihnachts}mann
66%
9... hat {Geburtstag}
64%
28... rettet den {Kindergarten}
63%
46... hilft den {Tieren}
60%
17Der {Ski}urlaub
59%
48... kriegt ein {Geschenk}
59%
6... und die {Schule}
59%
7... {verliebt} sich
59%
30... als {Pilot}
58%
11... auf dem {Mond}
57%
14... als {Film}star
55%
47... als {Gärtner}
55%
3Kampf dem {Lärm}
55%
13... im {Krankenhaus}
54%
15... im {Urlaub}
54%
44... als {Bäcker}
53%
4... in {Afrika}
53%
19... als {Fußball}star
52%
23... als {Koch}
51%
37Der {Gorilla} ist weg
51%
43... und die Auto{rallye}
49%
12... als {Briefträger}
46%
41... als {Pirat}
45%
18... als {Schornsteinfeger}
45%
10... und das {Schloss}
42%
42... als {Ritter}
41%
24... als {Detektiv}
40%
39... {kauft} ein
40%
29... auf dem {Rummel}
39%
33Das {Oster}fest
39%
34... als {Lokomotivführer}
37%
32Die {Verkehrs}schule
37%
26... als {Bademeister}
31%
36... wird {verhext}
30%
16... {träumt}
29%
50... als {Sheriff}
27%
25... auf {Kreuzfahrt}
27%

Verteilung der Resultate

Perzentil nach korrekt beantworteten Fragen

Anzahl Personen mit jedem Resultat

Ihre Resultats-Entwicklung

Sie haben dieses Quiz noch nicht gespielt